000 00497nam a2200205Ia 4500
003 0100
008 130227s9999 xx 000 0 und d
040 _cARRUPELIB
050 _aBT102.A53
100 _aAngeles, A. Peter
245 4 _aThe problem of God
245 _ba short introduction
260 _aColumbus
260 _bcharles E. Merrill Publishing Company
260 _C1974
300 _axii
300 _b 156p. 23cm.
650 _bMetaphysics - Early works
942 _2lcc
_01
999 _c3684
_d3684